| 000 | 00576nam a2200217 a 4500 | ||
|---|---|---|---|
| 001 | 14393 | ||
| 003 | BD-JhCC | ||
| 005 | 20250908101842.0 | ||
| 008 | 250908b20122022nyua|||| ||a| 001 0 eng d | ||
| 020 | _a9780552565974 | ||
| 035 | _a(BD-JhCC)14393 | ||
| 040 |
_aBD-JhCC _dBD-JhCC |
||
| 041 | _aenglish | ||
| 082 |
_a823 _bPAL 2022 |
||
| 100 | _a Palacio,R. J. | ||
| 245 |
_aWonder : _b you can't blend in when you were born to stand out / _cR. J. Palacio. |
||
| 260 |
_aLondon: _bCorgi; _c2022. |
||
| 300 |
_a315 p. : _bill; _c20 cm. |
||
| 650 | _a Wonder | ||
| 942 |
_2ddc _cBK |
||
| 999 |
_c14393 _d14393 |
||